Legitimidad y política: contribución al estudio del derecho y de la responsabilidad política
Sábháilte in:
| Príomhchruthaitheoir: | |
|---|---|
| Formáid: | LEABHAR |
| Teanga: | Spáinnis |
| Foilsithe / Cruthaithe: |
Bogotá
HomoSapiens
2000
|
| Sraith: | Colección Politeia
|
| Ábhair: | |
| Clibeanna: |
Cuir clib leis
Níl clibeanna ann, Bí ar an gcéad duine le clib a chur leis an taifead seo!
|
MARC
| LEADER | 00000nam a2200000 a 4500 | ||
|---|---|---|---|
| 001 | UCO3020 | ||
| 003 | CL-VaPUC | ||
| 008 | 000610e20000000CK |||||||||||||||||spa|d | ||
| 082 | 0 | 4 | |a 320.011 |b COI |2 21 |
| 100 | 0 | |a Coicaud, Jean-Marc |e author |9 446838 | |
| 245 | 1 | 0 | |a Legitimidad y política: contribución al estudio del derecho y de la responsabilidad política |
| 300 | |a 239 p | ||
| 942 | |c BK | ||
| 945 | |d 20000610 00:00:00 |a vberengu | ||
| 260 | |a Bogotá |b HomoSapiens |c 2000 | ||
| 650 | 7 | |a LEGITIMIDAD |2 CL-VaPUC |9 375933 | |
| 650 | 7 | |a MORAL Y POLITICA |2 CL-VaPUC |9 394370 | |
| 650 | 0 | |a Política |9 255312 | |
| 650 | 0 | |a Responsabilidad política |9 431854 | |
| 583 | |a last modification |c 20000610 00:00:00 |k Rodrigo Vera | ||
| 490 | 0 | |a Colección Politeia | |
| 999 | |c 289502 |d 289500 | ||
| 952 | |0 0 |1 0 |4 0 |6 320_011000000000000_COI_2000 |7 0 |8 DER_TF |9 337947 |a BIBDER |b BIBDER |d 2019-11-20 |i 3624889 |l 1 |o 320.011 COI 2000 |p 3624889 |r 2023-01-25 |s 2020-03-18 |w 2019-11-20 |x Ubicación 4to Piso |y BK |z Estos recursos deben solicitarse con anticipación |k DER | ||
| 952 | |0 0 |1 0 |4 0 |6 320_011000000000000_COI_2000 |7 0 |8 A |9 337948 |a BIBDER |b BIBDER |d 2019-11-20 |i 4018052 |o 320.011 COI 2000 |p 4018052 |r 2023-01-25 |w 2019-11-20 |y BK |k DER | ||